000 01087nam a2200277 a 4500
001 000048986
005 20201002061551.0
008 190528s2016 dr a r 000 0 spa d
020 _a9789945496307
040 _aDO-SdBNP
_bspa
_cBNPHU
082 _aRD868.44
_bP795c
100 1 _aPonciano, Doris,
_d1959-
_968407
245 1 0 _aCáncer de Mama :
_bmi trascendencia /
_cDoris Ponciano ; prólogo Sharlene Taulé ; colaboradores Polita Barceló, Ramón Saba, Clelia Da Silva.
260 _aSanto Domingo :
_bPrimada Digital,
_c2016.
300 _a244 p. :
_bil. ;
_c23 cm.
500 _aIncluye datos biográficos de la autora en las solapas
590 _aInventariado, 2019/MFF
600 1 4 _aPonciano, Doris
_d1959-
_968407
650 4 _aMujeres dominicanas
_vRELATOS PERSONALES
_976416
650 4 _aEnfermos de cáncer
_zRepública Dominicana
_976417
700 1 _aTaulé, Sharlene,
_epról.
_976418
700 1 _aBarceló, Polita,
_ecolab.
_976419
700 1 _aSaba, Ramón,
_ecolab.
_971165
700 1 _aDa Silva, Cleia,
_ecolab.
_976420
910 _aValidado. Control de calidad MFF
999 _c48474
_d48474